Una herramienta terapéutica para autores de violencia doméstica: El ciclo de la violencia doméstica (notice n° 2077411)
[ vue normale ]
| 000 -LEADER | |
|---|---|
| fixed length control field | 01064cam a2200169 4500500 |
| 005 - DATE AND TIME OF LATEST TRANSACTION | |
| control field | 20260405004648.0 |
| 041 ## - LANGUAGE CODE | |
| Language code of text/sound track or separate title | fre |
| 042 ## - AUTHENTICATION CODE | |
| Authentication code | dc |
| 100 10 - MAIN ENTRY--PERSONAL NAME | |
| Personal name | Bonhommet, Julie |
| Relator term | author |
| 245 00 - TITLE STATEMENT | |
| Title | Una herramienta terapéutica para autores de violencia doméstica: El ciclo de la violencia doméstica |
| 260 ## - PUBLICATION, DISTRIBUTION, ETC. | |
| Date of publication, distribution, etc. | 2025.<br/> |
| 500 ## - GENERAL NOTE | |
| General note | 18 |
| 520 ## - SUMMARY, ETC. | |
| Summary, etc. | El ciclo de la violencia doméstica (modelo de Walker) es una de las herramientas imprescindibles en nuestra práctica clínica con los autores de violencia doméstica. En este artículo describimos cómo lo utilizamos como apoyo terapéutico en sesiones grupales, en forma de un esquema sencillo, con material de video y en forma de juego de rol. Facilita la identificación de problemas violentos en el sujeto y contribuye a la labor de responsabilización de las y los autores de actos violentos. |
| 700 10 - ADDED ENTRY--PERSONAL NAME | |
| Personal name | Doineau, Emmanuelle |
| Relator term | author |
| 786 0# - DATA SOURCE ENTRY | |
| Note | Empan | 140 | 4 | 2025-11-25 | p. 124-133 | 1152-3336 |
| 856 41 - ELECTRONIC LOCATION AND ACCESS | |
| Uniform Resource Identifier | <a href="https://shs.cairn.info/revista-empan-2025-4-page-124?lang=es&redirect-ssocas=7080">https://shs.cairn.info/revista-empan-2025-4-page-124?lang=es&redirect-ssocas=7080</a> |
Pas d'exemplaire disponible.




Réseaux sociaux